الثورة العربية الكبرى : (رقم التسجيلة. 20086)

تفاصيل مارك
000 -LEADER
fixed length control field 00550nam a22001577a 4500
005 - DATE AND TIME OF LATEST TRANSACTION
control field 20251108165023.0
008 - FIXED-LENGTH DATA ELEMENTS--GENERAL INFORMATION
fixed length control field 250721s1984 xx 000 0 ara d
082 14 - DEWEY DECIMAL CLASSIFICATION NUMBER
Classification number 956.08/شري
100 1# - MAIN ENTRY--PERSONAL NAME
Personal name الشريقي، إبراهيم
245 10 - TITLE STATEMENT
Title الثورة العربية الكبرى :
Remainder of title دوافعها و حصادها و الأحداث التي مر بها المشرق العربي /
264 1# - PRODUCTION, PUBLICATION, DISTRIBUTION, MANUFACTURE, AND COPYRIGHT NOTICE
Place of production, publication, distribution, manufacture عمان :
Date of production, publication, distribution, manufacture, or copyright notice 1984.
300 ## - PHYSICAL DESCRIPTION
Extent 95ص : مص
650 17 - SUBJECT ADDED ENTRY--TOPICAL TERM
Topical term or geographic name as entry element الثورة العربية الكبرى 1916-1918
942 ## - ADDED ENTRY ELEMENTS (KOHA)
Source of classification or shelving scheme Dewey Decimal Classification
Koha item type كتب
المقتنيات
حالة السحب حالة الفقدان مصدر التصنيف حالة التلف غير قابل للإعارة المكتبة الرئيسية المكتبة الحالية موقع الرف تاريخ التزويد الرقم المتسلسل Total Checkouts رقم الإستدعاء الباركود تاريخ آخر ظهور تاريخ الفاتورة نوع المادة (كوها)
    Dewey Decimal Classification     المكتبة المركزية المكتبة المركزية الإعارة 22/12/2014 1586727   956.08/شري PLD00312950 28/07/2025 22/12/2014 كتب
    Dewey Decimal Classification   Not For Loan مكتبة تاريخ الأردن مكتبة تاريخ الأردن لا يعار 14/12/2009 1336090   956.08/شري PLD00124250 28/07/2025 14/12/2009 كتب
Implemented & Customized by: BBB with SCIT (Smart Chains for Information Technology)

Powered by Koha